| 000 | 01248nam a22002537a 4500 | ||
|---|---|---|---|
| 005 | 20170124103108.0 | ||
| 010 | _aB-090518 | ||
| 020 |
_c300.00 _a8179650367 |
||
| 035 | _aB-090518 | ||
| 037 | _bCen Lib/Ret | ||
| 040 |
_aDPL _bHN |
||
| 082 |
_a915.413 _bहरिमो |
||
| 100 |
_aहरिमोहन _978802 |
||
| 245 |
_aउत्तराँचल में पर्यटन : _cहरिमोहन _bनएं क्षितिज / |
||
| 246 |
_aUttranchal mein paryaton : naye kshitiz / _bby Harimohan |
||
| 260 |
_aनयी दिल्ली _bतक्षशिला प्रकाशन _c2003 |
||
| 270 |
_bनयी दिल्ली _a23/4761, अंसारी रोड, दरियागंज _e110002 |
||
| 300 |
_a336पृ. : _c21सेमी (सजिल्द) _bसचित्र |
||
| 650 |
_aपर्यटन स्थल--उत्तराँचल--भारत _978803 |
||
| 650 |
_aभारतीय ऐतिहासिक स्थल--प्राकृतिक सौन्दर्य _978804 |
||
| 650 |
_aTourism--Uttaranchal --India _978805 |
||
| 650 |
_aIndian historical places--Nature of beauty _978806 |
||
| 942 |
_2ddc _cHN _h915.413 _mहरिमो |
||
| 999 |
_c118199 _d118199 |
||